| 000 | 01405cam a22003857a 4500 | ||
|---|---|---|---|
| 003 | CHAP | ||
| 005 | 20220329133225.0 | ||
| 008 | 971013s1987 r 00010 d | ||
| 010 | _a3597 | ||
| 011 | _a4569 | ||
| 035 | _a3773 | ||
| 040 | _cCHAP | ||
| 082 |
_a633.710972 _bS4 1987 |
||
| 111 | 0 | 0 |
_aSeminario de Intercambio de Conocimientos sobre el Tabaco _n(4 : _d1987 : _cOaxaca, Oax.) _9104052 |
| 245 | 0 | _aPonencias | |
| 260 |
_aOaxaca, Oax. : _bTabacos Mexicanos, _c1987 |
||
| 300 |
_a321 p. _b: ilus. ; gráfs |
||
| 590 |
_aBATCH-UPD _b10 _c20130109 _lUCH01 _h2327 |
||
| 590 |
_aBATCH-UPD _b10 _c20130110 _lUCH01 _h0250 |
||
| 590 |
_aBATCH-UPD _b10 _c20130110 _lUCH01 _h2111 |
||
| 590 |
_aBATCH-UPD _b10 _c20130409 _lUCH01 _h1852 |
||
| 590 |
_aBATCH-UPD _b10 _c20130410 _lUCH01 _h1421 |
||
| 590 |
_aBATCH-UPD _b10 _c20130914 _lUCH01 _h2019 |
||
| 590 |
_aCONVERSION _b10 _c20130109 _lUCH01 _h1303 |
||
| 650 | 1 | 4 |
_aTabaco _xCongresos. _9111206 |
| 650 | 1 | 4 |
_aTabaco _xIndustria. _9111223 |
| 650 | 1 | 4 |
_aTabaco _xInvestigación. _9111224 |
| 650 | 1 | 4 |
_aTabaco _xMejoramiento. _9111228 |
| 650 | 1 | 4 |
_aTabaco _xMéxico. _9111230 |
| 901 | _aBK | ||
| 942 | _cLIBRO | ||
| 949 |
_a633.710972 S4 1987 _bBC _cCONG _d33724000216388 _eCONG _fc.3 _h80007 _i3773 _mD _si |
||
| 949 |
_a633.710972 S4 1987 _bBC _cLIBRO _d-13300 _eLIBRO _h80005 _i3773 _mD _si |
||
| 949 |
_a633.710972 S4 1987 _bBC _cLIBRO _d33724000216370 _eLIBRO _fc.2 _h80006 _i3773 _mD _si |
||
| 999 |
_c3597 _d3597 |
||